|
|
|
|
| LEADER |
02561nam a2200661 4500 |
| 001 |
ocn784363665 |
| 003 |
OCoLC |
| 005 |
20170124071104.9 |
| 006 |
m o d |
| 007 |
cr |n||||||||| |
| 008 |
110907s2012 enk ob 001 0 eng d |
| 040 |
|
|
|a CDX
|b eng
|e pn
|c CDX
|d OCLCQ
|d E7B
|d COO
|d OCLCO
|d DG1
|d YDXCP
|d OCLCF
|d OCLCQ
|d OCLCO
|d OCLCQ
|d NLGGC
|d OCLCQ
|d EBLCP
|d OPU
|d OCLCQ
|d OCL
|d OCLCQ
|d DEBBG
|d GrThAP
|
| 020 |
|
|
|a 9781118702871
|q (electronic bk.)
|
| 020 |
|
|
|a 1118702875
|q (electronic bk.)
|
| 020 |
|
|
|a 9781118341599
|q (e-book)
|
| 020 |
|
|
|a 1118341597
|q (e-book)
|
| 020 |
|
|
|z 9781444339345
|
| 020 |
|
|
|z 1444339346
|
| 020 |
|
|
|z 9781283435604
|
| 020 |
|
|
|z 1283435608
|
| 024 |
8 |
|
|a 9786613435606
|
| 029 |
1 |
|
|a AU@
|b 000051629131
|
| 029 |
1 |
|
|a DEBBG
|b BV040885639
|
| 029 |
1 |
|
|a GBVCP
|b 790203634
|
| 029 |
1 |
|
|a NZ1
|b 15915524
|
| 029 |
1 |
|
|a DEBBG
|b BV043394427
|
| 035 |
|
|
|a (OCoLC)784363665
|
| 037 |
|
|
|a 343560
|b MIL
|
| 050 |
|
4 |
|a RE992.O7
|
| 060 |
|
4 |
|a WW 18.2
|
| 082 |
0 |
4 |
|a 617.7/62
|2 23
|
| 049 |
|
|
|a MAIN
|
| 100 |
1 |
|
|a Rowe, Fiona J.
|
| 245 |
1 |
0 |
|a Clinical orthoptics /
|c Fiona J. Rowe.
|
| 250 |
|
|
|a 3rd ed.
|
| 264 |
|
1 |
|a Chichester, West Sussex :
|b Wiley-Blackwell,
|c 2012.
|
| 300 |
|
|
|a 1 online resource
|
| 336 |
|
|
|a text
|b txt
|2 rdacontent
|
| 337 |
|
|
|a computer
|b c
|2 rdamedia
|
| 338 |
|
|
|a online resource
|b cr
|2 rdacarrier
|
| 504 |
|
|
|a Includes bibliographical references and index.
|
| 588 |
0 |
|
|a Print version record.
|
| 505 |
0 |
|
|a Extraocular muscle anatomy and innervation -- Binocular single vision -- Ocular motility -- Orthoptic investigative procedures -- Heterophoria -- Heterotropia -- Microtropia -- Amblyopia and visual impairment -- Aphakia -- Incomitant strabismus -- A and V patterns -- Accommodative and convergence disorders -- Ptosis and pupils -- Neurogenic disorders -- Mechanical disorders -- Myogenic disorders -- Craniofacial synostosis -- Nystagmus -- Supranuclear and internuclear disorders.
|
| 650 |
|
0 |
|a Orthoptics.
|
| 650 |
|
0 |
|a Strabismus.
|
| 650 |
|
0 |
|a Craniosynostoses.
|
| 650 |
|
2 |
|a Ocular Motility Disorders.
|
| 650 |
|
2 |
|a Craniosynostoses.
|
| 650 |
|
2 |
|a Orthoptics.
|
| 650 |
|
2 |
|a Strabismus.
|
| 650 |
|
7 |
|a Craniosynostoses.
|2 fast
|0 (OCoLC)fst00882229
|
| 650 |
|
7 |
|a Orthoptics.
|2 fast
|0 (OCoLC)fst01048589
|
| 650 |
|
7 |
|a Strabismus.
|2 fast
|0 (OCoLC)fst01134267
|
| 655 |
|
2 |
|a Outlines.
|
| 655 |
|
4 |
|a Electronic books.
|
| 776 |
0 |
8 |
|i Print version:
|z 9786613435606
|w (DLC) 2011037444
|
| 856 |
4 |
0 |
|u https://doi.org/10.1002/9781118702871
|z Full Text via HEAL-Link
|
| 994 |
|
|
|a 92
|b DG1
|